logo

Bir Sreshtho Munshi Abdur Rouf Library
Jhenaidah Cadet College

Basic concepts in modern mathematics / (Record no. 7130)

MARC details
000 -LEADER
fixed length control field 00953cam a2200301 i 4500
001 - CONTROL NUMBER
JCCL Control Number 7130
003 - CONTROL NUMBER IDENTIFIER
JCCL marc code BD-JhCC
005 - DATE AND TIME OF LATEST TRANSACTION
control field 20180517082322.0
008 - FIXED-LENGTH DATA ELEMENTS--GENERAL INFORMATION
fixed length control field 130702s2013 nyua 001 0 eng
020 ## - INTERNATIONAL STANDARD BOOK NUMBER
International Standard Book Number 9780486497297 (pbk.)
020 ## - INTERNATIONAL STANDARD BOOK NUMBER
International Standard Book Number 0486497291 (pbk.)
035 ## - SYSTEM CONTROL NUMBER
system control number (BD-JhCC)
040 ## - CATALOGING SOURCE
Original cataloging agency DLC
Transcribing agency DLC
Description conventions rda
Modifying agency BD-JhCC
041 ## - LANGUAGE CODE
Language code of Book eng
050 00 - LIBRARY OF CONGRESS CALL NUMBER
Classification number QA154
Item number .H15 2013
082 00 - DEWEY DECIMAL CLASSIFICATION NUMBER
Classification number 512
DDC Edition number 23
Author mark and Year HAF 1963
100 1# - MAIN ENTRY--PERSONAL NAME
Personal name Hafstrom, John Edward.
245 10 - TITLE STATEMENT
Title Basic concepts in modern mathematics /
Statement of responsibility, etc John Edward Haftrom.
246 30 - VARYING FORM OF TITLE
Title proper/short title Modern mathematics
250 ## - EDITION STATEMENT
Edition statement Dover edition.
300 ## - PHYSICAL DESCRIPTION
Pagination x, 195 pages :
Other physical details illustrations ;
Dimensions 24 cm.
490 0# - SERIES STATEMENT
Series statement Dover books on mathematics
500 ## - GENERAL NOTE
General note "Dover (2013) republication of the edition originally published by the Addison-Wesley Publishing Company, Inc., Reading, Massachusetts, 1961"--Page 4 of cover.
650 #0 - SUBJECT ADDED ENTRY--TOPICAL TERM
Topical term or geographic name as entry element Algebra.
650 #0 - SUBJECT ADDED ENTRY--TOPICAL TERM
Topical term or geographic name as entry element Mathematics
942 ## - ADDED ENTRY ELEMENTS (KOHA)
Source of classification or shelving scheme Dewey Decimal Classification
Koha item type Books
Holdings
Source of classification or shelving scheme Damaged status Not for loan Home library Current library Shelving location Date of accession Total Checkouts Full call number Barcode Date last seen Date checked out Copy number Koha item type
Dewey Decimal Classification     JCC Rouf Library JCC Rouf Library General Stacks 02/05/2018 1 512 HAF 1963 8701 07/14/2024 07/07/2024 C - 1 Books

JCC Library | Contacts | JCC Home

Last Update on 23 September 2017
Copyright @ 2017-2020 JCC Rouf Library
Rouf Library, Jhenidah Cadet College (JCC), Bangladesh